Anatolian Collection of Charles University : Kyme I /

محفوظ في:

مؤلف مشترك: Univerzita Karlova.

مؤلفون آخرون: Bouzek, Jan., Salac, Antonin, 1885-1960.

التنسيق: كتاب

اللغة: English

منشور في: Praha : Universita Karlova, 1974, c1975.

الطبعة: 1st ed.

الموضوعات:

الوسوم: إضافة وسم

لا توجد وسوم, كن أول من يضع وسما على هذه التسجيلة!

رقم الطلب: DS156 .C87 A5 1975

LEADER 01108cam a2200301 i 4500
001 ocm03396172
003 OSt
005 20241029114446.0
008 771012t19741975xr abf b 001 0 eng
999 |c 55389  |d 55389 
010 |a  77367730  
040 |c ARCE Library 
043 |a a-tu--- 
050 4 |a DS156 .C87 A5 1975 
245 0 0 |a Anatolian Collection of Charles University :  |b Kyme I /  |c with contributions by Jan Bouzek ... [et al.] ; edited by Jan Bouzek. 
250 |a 1st ed. 
264 1 |a Praha :  |b Universita Karlova,  |c 1974, c1975. 
300 |a 217 pages, 27 unnumbered leaves of plates :  |b illustrations, maps (1 folded in pocket) ;  |c 30 cm. 
500 |a Collection assembled by Prof. Antonin Salac and presented to the Charles University. 
504 |a Includes bibliographical references and index. 
600 1 0 |a Salac, Antonin,  |d 1885-1960  |x Archaeological collections. 
651 0 |a Cyme (Turkey : Extinct city) 
651 0 |a Turkey  |x Antiquities. 
700 1 |a Bouzek, Jan. 
700 1 |a Salac, Antonin,  |d 1885-1960. 
710 2 |a Univerzita Karlova. 
901 |a reviewed 
942 |2 lcc  |c BK